| 000 | 00674nam a2200277Ia 4500 | ||
|---|---|---|---|
| 008 | 170203s9999 xx 000 0 und d | ||
| 020 | _a0-43922702x | ||
| 050 | _aFic | ||
| 050 | _bW453m | ||
| 100 | _aWells, Rosemary. | ||
| 245 | _aMorris's disappearing bag : | ||
| 245 | _ba Christmas story / | ||
| 245 | _cRosemary Wells. | ||
| 260 | _aNew York : | ||
| 260 | _bScholastic, | ||
| 260 | _c1999 | ||
| 300 | _a40 unnumbered pages : | ||
| 300 | _bcolor illustrations ; | ||
| 300 | _c20 cm | ||
| 650 | _aChristmas -- | ||
| 650 | _aRabbits -- | ||
| 650 | _aRabbits -- | ||
| 650 | _xFiction. | ||
| 650 | _xFiction. | ||
| 650 | _xJuvenile fiction. | ||
| 999 |
_c306311 _d306311 |
||